MASKESİZ BEŞLER-KIRMIZI ŞERİFİN PENCERESİNDE (Record no. 996380)

MARC details
000 -LEADER
sabit uzunluktaki kontrol alanı 00271nam a2200097Ia 4500
001 - KONTROL NUMARASI
kontrol alanı 996380
005 - EN SON İŞLEMİN TARİH VE ZAMANI
kontrol alanı 20250826221504.0
008 - SABİT-UZUNLUKTA VERİ ÖĞELERİ--GENEL BİLGİ
sabit uzunluktaki kontrol alanı 250824s9999 xx 000 0 und d
245 #0 - ESER / YAZAR
ESER ADI MASKESİZ BEŞLER-KIRMIZI ŞERİFİN PENCERESİNDE
Yazar Adı TİNA ZANG
260 ## - YAYIN, DAĞITIM, VB.
YAYIN EVİ PARODİ YAYINLARI
Holdings
Düşüm durumu Kayıp durumu Hasar Durumu Ödünç verilmez Ana kütüphane Geçerli Kütüphane Edinilen tarih Toplam ödünç verme sayısı Barkod Son görüntüleme tarihi Son ödünç verme tarihi Fiyatın geçerli olmaya başladığı tarih Koha materyal türü
        AHMET KARACİĞAN ORTAOKULU AHMET KARACİĞAN ORTAOKULU 24.08.2025 1 10403595 09.12.2025 08.12.2025 26.08.2025 Books